[Event "Oberliga Sued W 1819"]
[Site "Germany"]
[Date "2018.12.16"]
[Round "4.1"]
[White "Wagner, Harald"]
[Black "Frischmann, Rick"]
[Result "1-0"]
[WhiteElo "2194"]
[BlackElo "2342"]
[PlyCount "99"]
[EventDate "2018.10.21"]
[EventType "team-tourn"]
[EventRounds "9"]
[EventCountry "GER"]
[SourceTitle "EXT 2020"]
[Source "ChessBase"]
[SourceDate "2019.10.17"]
[SourceVersion "1"]
[SourceVersionDate "2019.10.17"]
[SourceQuality "1"]
[WhiteTeam "Saarbruecken Gambit"]
[BlackTeam "Schwarzenbach Caissa"]
[WhiteTeamCountry "GER"]
[BlackTeamCountry "GER"]

1. e4 c5 2. Nf3 e6 3. d4 cxd4 4. Nxd4 a6 5. Bd3 g6 6. c4 Bg7 7. Be3 Ne7 8. Nc3 0-0 9. 0-0 f5 10. exf5 gxf5 11. f4 Nbc6 12. Nxc6 Nxc6 13. c5 b5 14. cxb6 d5 15. Na4 d4 16. Bd2 Qd6 17. Rc1 Rb8 18. Qb3 Ne7 19. Bb4 Qd8 20. Bc4 Rf6 21. Rfe1 Kf7 22. Qa3 Ng6 23. g3 Bf8 24. Bxf8 Nxf8 25. Qc5 d3 26. Red1 d2 27. Rc2 Bd7 28. Rcxd2 Qe7 29. Qxe7+ Kxe7 30. Nc5 Bc6 31. b7 Bxb7 32. Nxb7 Rxb7 33. Bxa6 Ra7 34. Bc4 Nd7 35. b4 e5 36. Bb5 Nb6 37. fxe5 Re6 38. Rd6 Rb7 39. Bc6 Rb8 40. Rxe6+ Kxe6 41. a4 Rc8 42. b5 Kxe5 43. a5 Nc4 44. a6 Nb6 45. a7 f4 46. Ra1 fxg3 47. hxg3 Rg8 48. Ra6 Na8 49. Bxa8 Rxa8 50. b6 1-0

[Event "Oberliga Sued W 1819"]
[Site "Germany"]
[Date "2018.11.25"]
[Round "3.1"]
[White "Nasshan, Dennis"]
[Black "Wagner, Harald"]
[Result "1-0"]
[WhiteElo "2295"]
[BlackElo "2194"]
[PlyCount "41"]
[EventDate "2018.10.21"]
[EventType "team-tourn"]
[EventRounds "9"]
[EventCountry "GER"]
[SourceTitle "EXT 2020"]
[Source "ChessBase"]
[SourceDate "2019.10.17"]
[SourceVersion "1"]
[SourceVersionDate "2019.10.17"]
[SourceQuality "1"]
[WhiteTeam "Worms"]
[BlackTeam "Saarbruecken Gambit"]
[WhiteTeamCountry "GER"]
[BlackTeamCountry "GER"]

1. d4 Nf6 2. c4 g6 3. f3 c5 4. d5 Bg7 5. Nc3 0-0 6. e4 d6 7. Nge2 e6 8. Ng3 exd5 9. cxd5 Nbd7 10. Be2 h5 11. 0-0 h4 12. Nh1 Nh5 13. Nf2 a6 14. f4 Ng3 15. hxg3 hxg3 16. Nh3 Bd4+ 17. Kh1 Nf6 18. Qd3 Nh5 19. Bxh5 Qh4 20. f5 gxf5 21. Bg5 1-0

[Event "Oberliga Sued W 1718"]
[Site "Germany"]
[Date "2017.09.10"]
[Round "1.2"]
[White "Wagner, Harald"]
[Black "Klein, Joachim"]
[Result "0-1"]
[WhiteElo "2211"]
[BlackElo "2170"]
[PlyCount "86"]
[EventDate "2017.09.10"]
[EventType "team-tourn"]
[EventRounds "11"]
[EventCountry "GER"]
[SourceTitle "EXT 2019"]
[Source "ChessBase"]
[SourceDate "2018.10.10"]
[SourceVersion "1"]
[SourceVersionDate "2018.10.10"]
[SourceQuality "1"]
[WhiteTeam "Saarbruecken Gambit"]
[BlackTeam "Illingen Turm"]
[WhiteTeamCountry "GER"]
[BlackTeamCountry "GER"]

1. e4 g6 2. d4 Bg7 3. Nc3 c6 4. f4 d5 5. e5 Nh6 6. Be3 Qb6 7. Na4 Qa5+ 8. c3 f6 9. Nf3 Bg4 10. Be2 Nd7 11. b4 Qc7 12. Nh4 Bxe2 13. Qxe2 fxe5 14. dxe5 0-0 15. 0-0 e6 16. Nc5 Nxc5 17. Bxc5 Rf7 18. Qe3 b6 19. Bd6 Qd7 20. a4 Bf8 21. Bxf8 Raxf8 22. a5 Qe7 23. g3 c5 24. axb6 axb6 25. bxc5 bxc5 26. Rfb1 g5 27. Ng2 d4 28. cxd4 Nf5 29. Qe4 Nxd4 30. Ra8 Ne2+ 31. Qxe2 Rxa8 32. Qc4 Rd8 33. fxg5 Rd4 34. Rb8+ Kg7 35. Qc1 Qc7 36. Rb5 Qxe5 37. Nf4 Rdxf4 38. gxf4 Qd4+ 39. Kg2 Qe4+ 40. Kg1 Rxf4 41. Qxc5 Qe1+ 42. Kg2 Qf1+ 43. Kg3 Qf3# 0-1

[Event "Oberliga Sued W 1112"]
[Site "Germany"]
[Date "2012.02.26"]
[Round "7"]
[White "Wagner, Harald"]
[Black "Stewart, Neil"]
[Result "1-0"]
[WhiteElo "2221"]
[BlackElo "2299"]
[PlyCount "51"]
[EventDate "2011.09.25"]
[EventType "team-tourn"]
[EventRounds "9"]
[EventCountry "GER"]
[SourceTitle "EXT 2013"]
[Source "ChessBase"]
[SourceDate "2012.11.22"]
[SourceVersion "1"]
[SourceVersionDate "2012.11.22"]
[SourceQuality "1"]
[WhiteTeam "Saarbruecken Gambit"]
[BlackTeam "Koblenz"]
[WhiteTeamCountry "GER"]
[BlackTeamCountry "GER"]

1. e4 c6 2. d4 d5 3. Nc3 dxe4 4. Nxe4 Bf5 5. Ng3 Bg6 6. Nf3 Nd7 7. h4 h6 8. h5 Bh7 9. Bd3 Bxd3 10. Qxd3 e6 11. Bf4 Qa5+ 12. Bd2 Bb4 13. c3 Be7 14. c4 Qc7 15. 0-0-0 Ngf6 16. Ne4 Rd8 17. Kb1 c5 18. d5 exd5 19. cxd5 Nxe4 20. Qxe4 Nf6 21. Bf4 Nxe4 22. Bxc7 Rd7 23. Rhe1 Nxf2 24. Rd2 Rxc7 25. d6 Rd7 26. Rxe7+ 1-0

[Event "Oberliga Sued W 1112"]
[Site "Germany"]
[Date "2012.01.15"]
[Round "5"]
[White "Wagner, Harald"]
[Black "Armbrust, Florian"]
[Result "0-1"]
[WhiteElo "2221"]
[BlackElo "2280"]
[PlyCount "56"]
[EventDate "2011.09.25"]
[EventType "team-tourn"]
[EventRounds "9"]
[EventCountry "GER"]
[SourceTitle "EXT 2013"]
[Source "ChessBase"]
[SourceDate "2012.11.22"]
[SourceVersion "1"]
[SourceVersionDate "2012.11.22"]
[SourceQuality "1"]
[WhiteTeam "Saarbruecken Gambit"]
[BlackTeam "Schott Mainz II"]
[WhiteTeamCountry "GER"]
[BlackTeamCountry "GER"]

1. e4 c5 2. Nf3 d6 3. d4 cxd4 4. Nxd4 Nf6 5. Nc3 Nc6 6. Bg5 e6 7. Qd2 Be7 8. 0-0-0 Nxd4 9. Qxd4 0-0 10. f4 Qa5 11. Kb1 h6 12. h4 Rd8 13. Bd3 e5 14. Qe3 exf4 15. Bxf4 Be6 16. Nd5 Nxd5 17. exd5 Bxd5 18. c4 Be6 19. Bxh6 gxh6 20. Qxh6 Bf5 21. Rh3 Qe5 22. Re3 Bxd3+ 23. Rdxd3 Bf8 24. Rg3+ Bg7 25. Qd2 Re8 26. Rg5 Qe1+ 27. Qxe1 Rxe1+ 28. Kc2 Re5 0-1

[Event "Oberliga Sued W 1112"]
[Site "Germany"]
[Date "2011.12.11"]
[Round "4"]
[White "Sattel, Dominique"]
[Black "Wagner, Harald"]
[Result "1/2-1/2"]
[WhiteElo "2104"]
[BlackElo "2221"]
[PlyCount "78"]
[EventDate "2011.09.25"]
[EventType "team-tourn"]
[EventRounds "9"]
[EventCountry "GER"]
[SourceTitle "EXT 2013"]
[Source "ChessBase"]
[SourceDate "2012.11.22"]
[SourceVersion "1"]
[SourceVersionDate "2012.11.22"]
[SourceQuality "1"]
[WhiteTeam "Worms"]
[BlackTeam "Saarbruecken Gambit"]
[WhiteTeamCountry "GER"]
[BlackTeamCountry "GER"]

1. Nc3 c5 2. e4 Nc6 3. g3 g6 4. Bg2 Bg7 5. d3 e6 6. Nf3 Nge7 7. 0-0 0-0 8. h3 d5 9. Kh2 d4 10. Ne2 e5 11. Nh4 f5 12. f4 fxe4 13. dxe4 c4 14. Nf3 d3 15. cxd3 Qxd3 16. Qxd3 cxd3 17. Nc3 Be6 18. Rd1 Rad8 19. Bf1 Bc4 20. Ne1 exf4 21. gxf4 Ne5 22. Kg1 d2 23. Rxd2 Rxd2 24. Bxd2 Bxf1 25. Kxf1 Nc4 26. Bc1 Be5 27. Nd3 Bxf4 28. Bxf4 g5 29. b3 Nb6 30. Rc1 Ng6 31. Ne2 gxf4 32. Rc7 Rd8 33. Nc5 f3 34. Nc3 Rd2 35. Ne6 Ne5 36. Rg7+ Kh8 37. Re7 Kg8 38. Rg7+ Kh8 39. Re7 Kg8 1/2-1/2

[Event "Oberliga Sued W 0809"]
[Site "Germany"]
[Date "2009.03.01"]
[Round "7.6"]
[White "Wagner, Harald"]
[Black "Gypser, Andreas"]
[Result "1/2-1/2"]
[WhiteElo "2227"]
[BlackElo "2223"]
[PlyCount "77"]
[EventDate "2008.10.05"]
[EventType "team-tourn"]
[EventRounds "11"]
[EventCountry "GER"]
[SourceTitle "EXT 2012"]
[Source "ChessBase"]
[SourceDate "2011.11.24"]
[SourceVersion "1"]
[SourceVersionDate "2011.11.24"]
[SourceQuality "1"]
[WhiteTeam "Saarbruecken Gambit"]
[BlackTeam "Ludwigshafen"]
[WhiteTeamCountry "GER"]
[BlackTeamCountry "GER"]

1. e4 e5 2. Nf3 Nc6 3. Bb5 a6 4. Ba4 Nf6 5. 0-0 Be7 6. Re1 b5 7. Bb3 0-0 8. a4 Bb7 9. Nc3 Nd4 10. Nxd4 exd4 11. Nd5 Nxd5 12. exd5 Bd6 13. d3 c5 14. c4 dxc3 15. bxc3 Qf6 16. Bb2 c4 17. dxc4 bxc4 18. Bc2 Rfe8 19. Qg4 Bc5 20. Qf5 Qxf5 21. Bxf5 Bxd5 22. Bxd7 Red8 23. Bf5 Bc6 24. Bc1 Re8 25. Bd2 Rxe1+ 26. Bxe1 Rb8 27. Kf1 g6 28. Bg4 Rb2 29. Bc8 a5 30. Ba6 Bd5 31. Rd1 Be6 32. Bb5 Be7 33. Bd2 Kg7 34. Be3 Bf6 35. Bb6 Bxc3 36. Rc1 Be5 37. Bxa5 Bd4 38. Be1 Ra2 39. Bxc4 1/2-1/2

[Event "Oberliga Sued W 0708"]
[Site "Germany"]
[Date "2007.11.04"]
[Round "2.3"]
[White "Wagner, Harald"]
[Black "Koch, Hans Juergen"]
[Result "0-1"]
[WhiteElo "2267"]
[BlackElo "2233"]
[PlyCount "120"]
[EventDate "2007.10.21"]
[EventType "team-tourn"]
[EventRounds "9"]
[EventCountry "GER"]
[SourceTitle "EXT 2009"]
[Source "ChessBase"]
[SourceDate "2008.11.26"]
[SourceVersion "1"]
[SourceVersionDate "2008.11.26"]
[SourceQuality "1"]
[WhiteTeam "Saarbruecken Gambit"]
[BlackTeam "Kaiserslautern"]
[WhiteTeamCountry "GER"]
[BlackTeamCountry "GER"]

1. e4 c5 2. Nf3 a6 3. Nc3 e6 4. d4 cxd4 5. Nxd4 Qc7 6. Bd3 Nc6 7. Nxc6 dxc6 8. f4 e5 9. fxe5 Ne7 10. Bf4 Ng6 11. Qf3 Nxf4 12. Qxf4 Be6 13. Qg3 g6 14. Ne2 Rd8 15. Nf4 Qxe5 16. Nxe6 Qxe6 17. Qc7 Bb4+ 18. Kf1 Qf6+ 19. Ke2 Rd7 20. Qb8+ Ke7 21. Qg3 Bd6 22. Qf2 Qxb2 23. Rhf1 f6 24. Rab1 Qe5 25. Qh4 Bc5 26. Rf3 Bd4 27. Rbf1 Qe6 28. g4 Kd8 29. h3 g5 30. Qh6 Re8 31. a3 Qd6 32. Rxf6 Bxf6 33. Rxf6 Qxa3 34. Qxg5 Qe7 35. Qf4 Qe5 36. Qf2 Qg5 37. Rf5 Qh6 38. Qg3 Qd6 39. Qf2 Qb4 40. Qf4 Rde7 41. Kf3 Kc8 42. Rh5 Qc3 43. Kg2 Qg7 44. e5 Rxe5 45. Rxh7 Qg8 46. Qb4 Qd5+ 47. Kg3 b5 48. Qa5 Re3+ 49. Kh4 Qd8+ 50. Qxd8+ Rxd8 51. Kg5 Rdxd3 52. cxd3 b4 53. Ra7 b3 54. Rxa6 b2 55. Kf4 b1Q 56. Kxe3 Qe1+ 57. Kd4 Qf2+ 58. Kc4 Kb7 59. Ra4 Qc2+ 60. Kb4 c5+ 0-1

[Event "Ghent op 26th"]
[Site "Ghent"]
[Date "2003.07.19"]
[Round "1"]
[White "Wagner, Harald"]
[Black "Van Mechelen, Jan"]
[Result "1/2-1/2"]
[WhiteElo "2265"]
[BlackElo "2308"]
[PlyCount "45"]
[EventDate "2003.07.19"]
[EventType "swiss"]
[EventRounds "9"]
[EventCountry "BEL"]
[SourceTitle "CBM 095 Extra"]
[Source "ChessBase"]
[SourceDate "2003.09.04"]
[SourceVersion "1"]
[SourceVersionDate "2003.09.04"]
[SourceQuality "1"]

1. d4 e6 2. e4 d5 3. Nd2 Nf6 4. e5 Nfd7 5. f4 c5 6. c3 Nc6 7. Ngf3 cxd4 8. cxd4 Qb6 9. Nb3 Be7 10. Be2 f6 11. a3 0-0 12. Qd3 Ndb8 13. Be3 Bd7 14. 0-0 Na6 15. exf6 Bxf6 16. Ne5 Be8 17. Rf3 Bxe5 18. dxe5 Qd8 19. Qd2 Bh5 20. Rh3 Bxe2 21. Qxe2 Qe8 22. Rg3 Qf7 23. Rf1 1/2-1/2

[Event "RL-ch"]
[Site "Ludwigshafen"]
[Date "1996.??.??"]
[Round "?"]
[White "Eifler, Tim"]
[Black "Wagner, Harald"]
[Result "0-1"]
[WhiteElo "1960"]
[BlackElo "2110"]
[PlyCount "80"]
[EventDate "1996.??.??"]
[EventType "tourn"]
[EventRounds "9"]
[EventCountry "GER"]
[SourceTitle "EXT 1998"]
[Source "ChessBase"]
[SourceDate "1997.11.17"]
[SourceVersion "1"]
[SourceVersionDate "1997.11.17"]
[SourceQuality "1"]

1. e4 e5 2. Nf3 Nc6 3. Bb5 a6 4. Ba4 Nf6 5. 0-0 b5 6. Bb3 Bb7 7. c3 h6 8. Re1 d6 9. d4 g6 10. Nbd2 Bg7 11. Nf1 Qd7 12. a4 0-0 13. Ng3 exd4 14. cxd4 d5 15. e5 Nh7 16. Bc2 Rfe8 17. Be3 b4 18. Qd2 h5 19. h3 a5 20. Ng5 Nxg5 21. Bxg5 Ra6 22. f4 Nd8 23. f5 c5 24. f6 Bh8 25. Nxh5 Ne6 26. Ng3 Nxd4 27. Bd3 Rae6 28. Qf4 Qc7 29. Qg4 Rxe5 30. Bf4 Rxe1+ 31. Rxe1 Rxe1+ 32. Kf2 Qc8 33. Qxc8+ Bxc8 34. Kxe1 Bxf6 35. Bc7 c4 36. Bxc4 dxc4 37. Bxa5 c3 38. bxc3 b3 39. Ne4 b2 40. Nd2 Nb3 0-1

[Event "RL-ch"]
[Site "Ludwigshafen"]
[Date "1996.??.??"]
[Round "?"]
[White "Wagner, Harald"]
[Black "Hoegerl, Gerd"]
[Result "0-1"]
[WhiteElo "2110"]
[BlackElo "2170"]
[PlyCount "72"]
[EventDate "1996.??.??"]
[EventType "tourn"]
[EventRounds "9"]
[EventCountry "GER"]
[SourceTitle "EXT 1998"]
[Source "ChessBase"]
[SourceDate "1997.11.17"]
[SourceVersion "1"]
[SourceVersionDate "1997.11.17"]
[SourceQuality "1"]

1. e4 e5 2. Nf3 Nf6 3. Nxe5 d6 4. Nf3 Nxe4 5. d4 d5 6. Bd3 Be7 7. 0-0 Nc6 8. c4 Nb4 9. cxd5 Nxd3 10. Qxd3 Qxd5 11. Re1 Bf5 12. Nc3 Nxc3 13. Qxc3 Be6 14. Qxc7 Bd6 15. Qc2 0-0 16. Bd2 Qh5 17. h3 Bxh3 18. Qe4 Be6 19. Ne5 f6 20. Qxb7 fxe5 21. Qc6 Rfd8 22. Ba5 Rac8 23. Qe4 Rf8 24. dxe5 Bc5 25. Re2 Qf7 26. Qh4 Bd5 27. Rae1 Rce8 28. Bc3 Re6 29. Bd4 Rh6 30. Qxh6 gxh6 31. Bxc5 Qg6 32. f3 Rxf3 33. e6 Rg3 34. e7 Rxg2+ 35. Kf1 Rxe2 36. Rxe2 Bc4 0-1

[Event "Kiekrz op"]
[Site "Kiekrz"]
[Date "1995.??.??"]
[Round "7"]
[White "Wallner, Alfred"]
[Black "Wagner, Harald"]
[Result "0-1"]
[WhiteElo "2225"]
[BlackElo "2255"]
[PlyCount "76"]
[EventDate "1995.??.??"]
[EventType "swiss"]
[EventRounds "7"]
[EventCountry "BEL"]
[SourceTitle "EXT 1998"]
[Source "ChessBase"]
[SourceDate "1997.11.17"]
[SourceVersion "1"]
[SourceVersionDate "1997.11.17"]
[SourceQuality "1"]

1. e4 e5 2. Nf3 Nc6 3. Bb5 a6 4. Ba4 d6 5. c3 Bd7 6. d4 Nge7 7. Nbd2 Ng6 8. Nf1 Be7 9. Ne3 h6 10. Nd5 Bg5 11. Nxg5 hxg5 12. g3 Bh3 13. Nb4 Bd7 14. Nxc6 bxc6 15. Qe2 Rb8 16. Be3 g4 17. Qc4 0-0 18. 0-0 Be6 19. Qe2 exd4 20. cxd4 c5 21. a3 cxd4 22. Bxd4 c5 23. Bc3 Qg5 24. Rad1 Rb6 25. Rd2 Rfb8 26. Rfd1 Ne5 27. Bxe5 Qxe5 28. Qd3 g6 29. f4 gxf3 30. Qxf3 c4 31. Qf4 Rxb2 32. Rxd6 Qc5+ 33. Kh1 Bh3 34. R6d2 c3 35. Rc2 g5 36. Qf6 Rxc2 37. Bxc2 Qe3 38. Bb3 Qxe4+ 0-1

[Event "FRA-chT"]
[Site "France"]
[Date "1994.??.??"]
[Round "3"]
[White "Kappler, Jean Marie"]
[Black "Wagner, Harald"]
[Result "1-0"]
[WhiteElo "2305"]
[BlackElo "2275"]
[PlyCount "147"]
[EventDate "1994.??.??"]
[EventType "team"]
[EventRounds "11"]
[EventCountry "FRA"]
[SourceTitle "EXT 1999"]
[Source "ChessBase"]
[SourceDate "1998.11.16"]
[SourceVersion "1"]
[SourceVersionDate "1998.11.16"]
[SourceQuality "1"]

1. d4 Nf6 2. Nf3 g6 3. Bf4 Bg7 4. e3 0-0 5. Be2 d6 6. 0-0 c5 7. c3 Bf5 8. Qb3 Nbd7 9. a4 Qb6 10. Qa3 Rfc8 11. Nbd2 Nd5 12. Bg3 N7f6 13. Rfe1 cxd4 14. Nxd4 Bg4 15. Bf1 Qc5 16. Qa2 e5 17. h3 Bd7 18. N4b3 Qc7 19. Rad1 Be6 20. Qa3 Bf8 21. a5 Nh5 22. Bh2 f5 23. e4 Ndf6 24. exf5 gxf5 25. Nd4 exd4 26. Rxe6 dxc3 27. Qb3 Qf7 28. bxc3 Rxc3 29. Qxc3 Qxe6 30. Nf3 f4 31. Qb4 Qe4 32. Rd4 Qc6 33. Qb3+ d5 34. Bxf4 Bc5 35. Ra4 Nxf4 36. Rxf4 Rf8 37. g3 Qc7 38. Kg2 Kh8 39. Bd3 b6 40. a6 Qg7 41. Rf5 Ne4 42. Rxf8+ Qxf8 43. Qxd5 Nxf2 44. Qe5+ Qg7 45. Qb8+ Qg8 46. Qe5+ Qg7 47. Bc2 Qxe5 48. Nxe5 b5 49. h4 Kg7 50. Kf3 h5 51. Bb3 Bd4 52. Nc6 Bb6 53. Bc2 Kf6 54. Nb4 Bc5 55. Nd5+ Kg7 56. Nc7 Kf6 57. Nxb5 Ng4 58. Nc3 Ke5 59. Ne2 Nh2+ 60. Kg2 Ng4 61. Bg6 Ne3+ 62. Kh3 Nd5 63. Bxh5 Nb4 64. g4 Nxa6 65. g5 Nb4 66. Bf7 Nd3 67. Kg4 Nf2+ 68. Kh5 Nh3 69. Kg4 Nf2+ 70. Kf3 Nh3 71. g6 Bf8 72. Kg3 Ng5 73. hxg5 Kf5 74. Kh4 1-0

[Event "FRA-chT"]
[Site "France"]
[Date "1994.??.??"]
[Round "5"]
[White "Ruiz, Richard"]
[Black "Wagner, Harald"]
[Result "1/2-1/2"]
[WhiteElo "2220"]
[BlackElo "2275"]
[PlyCount "129"]
[EventDate "1994.??.??"]
[EventType "team"]
[EventRounds "11"]
[EventCountry "FRA"]
[SourceTitle "EXT 1999"]
[Source "ChessBase"]
[SourceDate "1998.11.16"]
[SourceVersion "1"]
[SourceVersionDate "1998.11.16"]
[SourceQuality "1"]

1. d4 Nf6 2. Bg5 c5 3. Bxf6 gxf6 4. e3 cxd4 5. exd4 Qb6 6. Nc3 e6 7. Rb1 Nc6 8. Nf3 d5 9. Be2 Bg7 10. 0-0 0-0 11. Qd2 Bd7 12. Rfd1 Rac8 13. Qf4 Ne7 14. Bd3 Ng6 15. Qe3 Qd6 16. g3 f5 17. Qg5 Qe7 18. Qd2 Kh8 19. Re1 Qf6 20. Rbd1 Rg8 21. Ne2 a6 22. c3 Ba4 23. Rc1 Bb5 24. Bxb5 axb5 25. Qg5 Qxg5 26. Nxg5 Rc7 27. f4 Nf8 28. Nf3 Nd7 29. Nd2 Nf6 30. Kg2 Rgc8 31. a3 Bf8 32. Ng1 b4 33. axb4 Bxb4 34. Ra1 Bd6 35. Ngf3 Ne4 36. Ra5 Kg7 37. Rea1 b6 38. Rb5 Rb7 39. Ra6 Bc7 40. Nxe4 fxe4 41. Nd2 Rbb8 42. Nf1 Ra8 43. Rxa8 Rxa8 44. Ne3 Ra4 45. Nc2 Ra2 46. h3 h5 47. h4 Kf6 48. Kf2 Ke7 49. Ke3 f5 50. Rb3 Kd7 51. Kf2 Kc8 52. Ne3 Kb7 53. Nc2 Bd6 54. Ne3 Ra4 55. Nc2 Ka6 56. Ke2 Ka5 57. Kd2 b5 58. Na3 Bxa3 59. bxa3 Rc4 60. Rb1 Rc7 61. Re1 Ka4 62. Kc2 Rg7 63. Rg1 Rg8 64. Kb2 Rg6 65. Kc2 1/2-1/2